| 000 | 00664nam a2200205 4500 | ||
|---|---|---|---|
| 001 | 109209 | ||
| 003 | ES-MaACL | ||
| 005 | 20230906184810.0 | ||
| 007 | t| | ||
| 008 | 061121s1948 sp r ||||1| spa d | ||
| 100 | 1 |
_aOliveras Devesa, Mario. _986861 |
|
| 245 | 1 | 0 |
_aTraumatismos e incapacidades de la mano _b: Valoración y recuperación / _cMario Oliveras Devesa. |
| 250 | _a[1ª ed.]. | ||
| 260 |
_aBarcelona [etc.] : _bSalvat, _c1948. |
||
| 300 |
_a187 p. : _bil ; _c23 cm. |
||
| 490 | 1 |
_aManuales de medicina práctica ; _v102 |
|
| 830 | 0 |
_aManuales de medicina práctica ; _v102 _9181070 |
|
| 852 |
_aES-MaACL _jC-5412 _bR.25741 |
||
| 999 |
_c109209 _d109209 |
||